000 nam a22 7a 4500
999 _c8025
_d8025
008 171121b xxu||||| |||| 00| 0 eng d
100 _aMohanty.S.
_91679
245 _aGeneral Knowledge
260 _bFrank Bros
_c2007